000 00882nam a2200217Ii 4500
003 JO-AjNU
008 230605s9999||||xx |||||||||||||| ||und||
020 _a978-9957-8736-0-8
040 _aJO-AjNU
_bara
_erda
_cJO-AjNU
041 _aara
050 1 4 _aPJ6011.M34 2019
100 3 _aمجمع اللغة العربية الاردني,
_eauthor
_961348
245 0 0 _aالمؤتمر السنوي لعام 2019 لمجمع اللغة العربية الاردني: البلاغة العربية بين القديم والحديث/بحوث محكمة
250 _aط1
264 3 1 _aعمان: مجمع اللغة العربية الاردني، 2019
300 _a532ص
336 _atext
_btxt
_2rdacontent
337 _aunmediated
_bn
_2rdamedia
338 _avolume
_bnc
_2rdacarrier
650 4 _aاللغة العربية - البلاغة العربية- مؤتمرات
_961349
999 _aA27726
_c31294
_d31294